| 000 | 00863nam a2200157 i 4500 | ||
|---|---|---|---|
| 001 | 170648 | ||
| 003 | ES-MaACL | ||
| 005 | 20230906214426.0 | ||
| 008 | 090326s1911 sp |||| | spa d | ||
| 245 | 0 | 0 | _aDiscursos pronunciados en la sesión que se celebró el día 31 de diciembre de 1910 en el salón de actos del Círculo Conservador. |
| 260 |
_aMadrid : _b[s.n.], _c1911 ( _fImp. y encuadernación de Espinosa y Lamas) |
||
| 300 |
_a38 p. ; _c17 cm. |
||
| 500 | _aPrecede al tít.: Juventud Conservadora de Madrid. | ||
| 500 | _aEn la cubierta: Homenaje de la Juventud Conservadora al Partido Conservador y á su jefe D. Antonio Maura. Extracto taquigráfico de los discursos pronunciados en la sesión que se celebró el día 10 de diciembre de 1910 en el Salón de actos del Círculo Conservador. | ||
| 852 |
_aES-MaACL _jArmario 18 _x.- Olim: T-1421-F-8 |
||
| 999 |
_c170648 _d170648 |
||